Statistics for Five Biggest Cities by Continent by Letter - D

Click here to take the quiz!

General Stats

  • This quiz has been taken 287 times
  • The average score is 15 of 30

Answer Stats

Population Country City % Correct
2,789,000UAEDubai
96%
553,000IrelandDublin
94%
475,000DjiboutiDjibouti
94%
16,349,000IndiaDelhi
93%
11,086,000BangladeshDhaka
93%
4,365,000TanzaniaDar es Salaam
92%
2,647,000SenegalDakar
92%
1,300,000USADallas
90%
2,786,000South AfricaDurban
85%
683,000USADenver
84%
677,000USADetroit
83%
612,000GermanyDüsseldorf
81%
929,000UkraineDonetsk
62%
124,000AustraliaDarwin
57%
1,907,000CameroonDouala
54%
586,000GermanyDortmund
53%
3,902,000ChinaDalian
45%
984,000UkraineDnipro
43%
112,000New ZealandDunedin
34%
231,000EcuadorDurán
25%
565,000MexicoDurango City
24%
7,271,000ChinaDongguan
24%
884,000BrazilDuque de Caxias
8%
227,000BrazilDivinópolis
4%
359,000HaitiDelmas
4%
37,000AustraliaDubbo
4%
199,000BrazilDourados
4%
30,000AustraliaDevonport
3%
415,000BrazilDiadema
3%
32,000New Caledonia (France)Dumbéa
3%

Score Distribution

Percentile by Number Answered

Percent of People with Each Score

Your Score History

You have not taken this quiz